<?xml version="1.0" encoding="UTF-8"?>
<record
    xmlns:xsi="http://www.w3.org/2001/XMLSchema-instance"
    xsi:schemaLocation="http://www.loc.gov/MARC21/slim http://www.loc.gov/standards/marcxml/schema/MARC21slim.xsd"
    xmlns="http://www.loc.gov/MARC21/slim">

  <leader>01896cam a2200349 a 4500</leader>
  <controlfield tag="003">EG-GiCUC</controlfield>
  <controlfield tag="005">20250223030949.0</controlfield>
  <controlfield tag="008">140406s2013    ua dh  f m    000 0 eng d</controlfield>
  <datafield tag="040" ind1=" " ind2=" ">
    <subfield code="a">EG-GiCUC</subfield>
    <subfield code="b">eng</subfield>
    <subfield code="c">EG-GiCUC</subfield>
  </datafield>
  <datafield tag="041" ind1="0" ind2=" ">
    <subfield code="a">eng</subfield>
  </datafield>
  <datafield tag="049" ind1=" " ind2=" ">
    <subfield code="a">Deposite  </subfield>
  </datafield>
  <datafield tag="097" ind1=" " ind2=" ">
    <subfield code="a">Ph.D</subfield>
  </datafield>
  <datafield tag="099" ind1=" " ind2=" ">
    <subfield code="a">Cai01.11.15.Ph.D.2013.Ma.V</subfield>
  </datafield>
  <datafield tag="100" ind1="0" ind2=" ">
    <subfield code="a">Mahmoud Mohamed Abdelhamid Soliman</subfield>
  </datafield>
  <datafield tag="245" ind1="1" ind2="4">
    <subfield code="a">The value of middle cerebral artery and umbilical artery doppler indices in assessment of fetal wellbeing and prediction of neonatal outcome in IUGR and preeclampsia / </subfield>
    <subfield code="c">Mahmoud Mohamed Abdelhamid Soliman ; Supervised Shamel Moustafa Hefny , Nermeen Abdelmoaty Abousalem , Mohamed Hamam Abdmanaf</subfield>
  </datafield>
  <datafield tag="246" ind1="1" ind2="5">
    <subfield code="a">&#x642;&#x64A;&#x645;&#x629; &#x645;&#x624;&#x634;&#x631;&#x627;&#x62A; &#x627;&#x644;&#x62F;&#x648;&#x628;&#x644;&#x631; &#x644;&#x644;&#x634;&#x631;&#x64A;&#x627;&#x646; &#x627;&#x644;&#x62F;&#x645;&#x627;&#x63A;&#x649; &#x627;&#x644;&#x627;&#x648;&#x633;&#x637; &#x648;&#x627;&#x644;&#x634;&#x631;&#x64A;&#x627;&#x646; &#x627;&#x644;&#x633;&#x631;&#x649; &#x641;&#x649; &#x62A;&#x642;&#x64A;&#x64A;&#x645; &#x639;&#x627;&#x641;&#x64A;&#x629; &#x627;&#x644;&#x62C;&#x646;&#x64A;&#x646; &#x648;&#x627;&#x644;&#x62A;&#x646;&#x628;&#x624; &#x628;&#x646;&#x62A;&#x627;&#x626;&#x62C; &#x62D;&#x62F;&#x64A;&#x62B;&#x649; &#x627;&#x644;&#x648;&#x644;&#x627;&#x62F;&#x629; &#x641;&#x649; &#x62D;&#x627;&#x644;&#x62A;&#x649; &#x62A;&#x627;&#x62E;&#x631; &#x627;&#x644;&#x646;&#x645;&#x648; &#x62F;&#x627;&#x62E;&#x644; &#x627;&#x644;&#x631;&#x62D;&#x645; &#x648;&#x62A;&#x633;&#x645;&#x645; &#x627;&#x644;&#x62D;&#x645;&#x644;</subfield>
  </datafield>
  <datafield tag="260" ind1=" " ind2=" ">
    <subfield code="a">Cairo : </subfield>
    <subfield code="b">Mahmoud Mohamed Abdelhamid Soliman , </subfield>
    <subfield code="c">2013</subfield>
  </datafield>
  <datafield tag="300" ind1=" " ind2=" ">
    <subfield code="a">172 P. : </subfield>
    <subfield code="b">charts , facsimiles ; </subfield>
    <subfield code="c">25cm</subfield>
  </datafield>
  <datafield tag="502" ind1=" " ind2=" ">
    <subfield code="a">Thesis (Ph.D.) - Cairo University - Faculty of Medicine - Department of Gynecology and Obstetrics</subfield>
  </datafield>
  <datafield tag="520" ind1=" " ind2=" ">
    <subfield code="a">The purpose of this study was designed to explore the value of middle cerebral artery and umbilical artery doppler indices in assessment of fetal wellbeing and prdiction of neonatal outcome in pregnant women with IUGR and in pregnant women with preeclampsia </subfield>
  </datafield>
  <datafield tag="530" ind1=" " ind2=" ">
    <subfield code="a">Issued also as CD</subfield>
  </datafield>
  <datafield tag="653" ind1=" " ind2="4">
    <subfield code="a">IUGR </subfield>
  </datafield>
  <datafield tag="653" ind1=" " ind2="4">
    <subfield code="a">MCA Doppler </subfield>
  </datafield>
  <datafield tag="653" ind1=" " ind2="4">
    <subfield code="a">UA Doppler</subfield>
  </datafield>
  <datafield tag="700" ind1="0" ind2=" ">
    <subfield code="a">Mohamed Hamam Abdmanaf , </subfield>
    <subfield code="e">Supervisor</subfield>
  </datafield>
  <datafield tag="700" ind1="0" ind2=" ">
    <subfield code="a">Nermeen Abdelmoaty Abousalem , </subfield>
    <subfield code="e">Supervisor</subfield>
  </datafield>
  <datafield tag="700" ind1="0" ind2=" ">
    <subfield code="a">Shamel Moustafa Hefny , </subfield>
    <subfield code="e">Supervisor</subfield>
  </datafield>
  <datafield tag="856" ind1=" " ind2=" ">
    <subfield code="u">http://172.23.153.220/th.pdf</subfield>
  </datafield>
  <datafield tag="905" ind1=" " ind2=" ">
    <subfield code="a">Nazla</subfield>
    <subfield code="e">Revisor</subfield>
  </datafield>
  <datafield tag="905" ind1=" " ind2=" ">
    <subfield code="a">Soheir</subfield>
    <subfield code="e">Cataloger</subfield>
  </datafield>
  <datafield tag="942" ind1=" " ind2=" ">
    <subfield code="2">ddc</subfield>
    <subfield code="c">TH</subfield>
  </datafield>
  <datafield tag="999" ind1=" " ind2=" ">
    <subfield code="c">45630</subfield>
    <subfield code="d">45630</subfield>
  </datafield>
  <datafield tag="952" ind1=" " ind2=" ">
    <subfield code="2">ddc</subfield>
    <subfield code="7">0</subfield>
    <subfield code="a">CUCL</subfield>
    <subfield code="b">cl210</subfield>
    <subfield code="d">2024-02-11</subfield>
    <subfield code="o">Cai01.11.15.Ph.D.2013.Ma.V</subfield>
    <subfield code="p">01010110062322000</subfield>
    <subfield code="r">2023-09-22 00:00:00</subfield>
    <subfield code="y">TH</subfield>
  </datafield>
  <datafield tag="952" ind1=" " ind2=" ">
    <subfield code="2">ddc</subfield>
    <subfield code="7">0</subfield>
    <subfield code="a">CUCL</subfield>
    <subfield code="b">cl2u8</subfield>
    <subfield code="d">2024-02-11</subfield>
    <subfield code="o">Cai01.11.15.Ph.D.2013.Ma.V</subfield>
    <subfield code="p">01020110062322000</subfield>
    <subfield code="r">2023-09-22 00:00:00</subfield>
    <subfield code="t">62322.CD     </subfield>
    <subfield code="y">CD</subfield>
  </datafield>
</record>
